[Konflikty zbrojne we wspólczesnym śviecie. Przyczyny, rejony występowania]

Recenzia na monografiu poľských autorov M. Bienka a S. Mazura. V monografii sú analyzované poznatky o príčinách konfliktov v modernom svete.

Gespeichert in:
Bibliographische Detailangaben
1. Verfasser: Pružinský, Michal, 1952-
Format: Buchkapitel
Sprache:Slowakisch
Schlagworte:
Tags: Tag hinzufügen
Keine Tags, Fügen Sie das erste Tag hinzu!

MARC

LEADER 00000naa$a2200000$$$4500
001 0193123
005 20240502083447.8
041 0 |a slo 
044 |a PL 
245 1 0 |a [Konflikty zbrojne we wspólczesnym śviecie. Przyczyny, rejony występowania]  |c Michal Pružinský 
520 |a Recenzia na monografiu poľských autorov M. Bienka a S. Mazura. V monografii sú analyzované poznatky o príčinách konfliktov v modernom svete. 
610 2 0 |a konflikty 
610 2 0 |a vojny 
610 2 0 |a bezpečnosť 
100 1 |a Pružinský, Michal, 1952-